000 01387nam a22002657a 4500
005 20170124102952.0
010 _aA-615110
020 _c15.00
035 _aA-615110
037 _bCen Lib/Ret
040 _aDPL
_bHN
082 _a821.08
_bकोहली
100 _aकोहली, सुरिन्दर सिंह
_951841
245 _aभारतीय साहित्य के निर्माता :
_cसुरिन्दर सिंह कोहली ; अनुवादिका कुमुद माथुर
_bबुल्ले शाह /
246 _aBhartiye sahitye ke nirmata : Bulle Shah /
_bby Surinder Singh Kohli ; translated by Kumud Mathur
260 _aनयी दिल्ली
_bसाहित्य अकादमी
_c1992
270 _bनयी दिल्ली
_e110001
_aरवीन्द्र भवन, 35, फिरोज़शाह मार्ग
300 _a112पृ.
_c20सेमी (सजिल्द)
650 _aहिन्दी -- साहित्य
_951842
650 _aहिन्दी -- बुल्ले शाह -- काव्य विधा
_951843
650 _aHindi -- literature
_951844
650 _aHindi - Bulle Shah - poetic mode
_951845
700 _aमाथुर, कुमुद
_951846
942 _2ddc
_cHN
_h821.08
_mकोहली
999 _c113348
_d113348